Online
Catalog

Cambio y educación / (Record no. 22725)

MARC details
000 -CABECERA
campo de control de longitud fija 00801nam a2200217 a 4500
001 - NÚMERO DE CONTROL
campo de control 000023228
005 - FECHA Y HORA DE LA ÚLTIMA TRANSACCIÓN
campo de control 20250513114214.0
008 - DATOS DE LONGITUD FIJA--INFORMACIÓN GENERAL
campo de control de longitud fija 101130s1969 ag r 000 0 spa d
040 ## - FUENTE DE LA CATALOGACIÓN
Centro catalogador/agencia de origen DO-SdBNP
Lengua de catalogación spa
Centro/agencia transcriptor BNPHU
082 ## - NÚMERO DE LA CLASIFICACIÓN DECIMAL DEWEY
Número de clasificación 306.43
Número de documento/Ítem I32c
100 1# - ENTRADA PRINCIPAL--NOMBRE DE PERSONA
Nombre de persona Imhoff, M. M.
9 (RLIN) 47824
245 10 - MENCIÓN DE TÍTULO
Título Cambio y educación /
Mención de responsabilidad, etc. M. M. Imhoff [et. al.] ; supervisión Jaime Bernstein.
260 ## - PUBLICACIÓN, DISTRIBUCIÓN, ETC.
Lugar de publicación, distribución, etc. Buenos Aires, Argentina :
Nombre del editor, distribuidor, etc. Centro Regional de Ayuda Técnica :
-- Agencia Para el Desarrollo Internaciona,
Fecha de publicación, distribución, etc. 1969.
300 ## - DESCRIPCIÓN FÍSICA
Extensión 173 p. ;
Dimensiones 19 cm.
500 ## - NOTA GENERAL
Nota general Incluye bibliografía p. [169-173].
534 ## - NOTA SOBRE LA VERSIÓN ORIGINAL
Encabezamiento principal del original Teacher´s Encyclopedia
650 #4 - PUNTO DE ACCESO ADICIONAL DE MATERIA--TÉRMINO DE MATERIA
Término de materia o nombre geográfico como elemento de entrada Sociología de la educación
9 (RLIN) 7856
650 #0 - PUNTO DE ACCESO ADICIONAL DE MATERIA--TÉRMINO DE MATERIA
Término de materia o nombre geográfico como elemento de entrada Innovaciones educativas
9 (RLIN) 17115
650 #4 - PUNTO DE ACCESO ADICIONAL DE MATERIA--TÉRMINO DE MATERIA
Término de materia o nombre geográfico como elemento de entrada Educación
Subdivisión general Aspectos sociales
9 (RLIN) 36332
700 1# - PUNTO DE ACCESO ADICIONAL--NOMBRE DE PERSONA
Nombre de persona Bernstein, Jaime
9 (RLIN) 47825
Holdings
Estado de retiro Estado de pérdida Restricciones de uso No para préstamo Código de colección Localización permanente Ubicación/localización actual Ubicación en estantería Fecha de adquisición Número de inventario Total de préstamos Signatura topográfica completa Código de barras Fecha visto por última vez Precio válido a partir de Tipo de ítem Koha
      Excluido de préstamo Monografías: Libros y Folletos General General Depósito 30.11.2010 LF1   306.43 I32c 23228-10 25.06.2020 25.06.2020 No se presta
        Monografías: Libros y Folletos Patrimonio Dominicano Patrimonio Dominicano Orden iniciada 25.05.2017 LF1   306.43 I32c 23228-20 25.06.2020 25.06.2020 No se presta

Powered by Koha